00804nam a2200205 i 4500001000300000100002200003245006700025260002100092490011300113500003000226830010200256040000800358041000800366080001200374942000700386008004100393999001700434856009800451952004900549bg1 aDYMKOWSKI, Maciej 0aSamowiedza a psychologiczne konsekwencje ocen /cM. Dymkowski. aWrocław,c1989.1 aPrace Naukowe Instytutu Organizacji i Zarządzania Politechniki Wrocławskiej. Monografie,x0324-9492 ;v18 aNumeracja ser. gł. : 54. 0aPrace Naukowe Instytutu Organizacji i Zarządzania Politechniki Wrocławskiej.pMonografie ;v18 cBPK apol a159.923 cKS s pl f |000 0 pol  c28960d28960 uhttp://koha.tu.koszalin.pl/cgi-bin/koha/opac-detail.pl?biblionumber=28960yKatalog online BPK 00104070aBPKbBPKcwo34992p01609332yKS